000 00571nam a2200181Ia 4500
003 GCL
008 140319s9999 xx 000 0 ara d
040 _aGCL /
_cGCL
082 0 4 _a956.1
_bع د
100 1 _aعلى بن صالح المحميد
245 1 0 _aالدانشمنديون : وجهادهم فى بلاد الاناضول /
_cعلى بن صالح المحميد
300 _a278 ص
490 _aكتاب
_v0
650 0 4 _aالتاريخ الاسلامى
650 0 4 _aتركيا - تاريخ
650 0 4 _aالاناضول - تاريخ
942 _2ddc
_cBK
999 _c42055
_d42055